000 01084nam a2200301 i 4500
003 EG-ScBUE
005 20241007133507.0
008 120403s2012 ii a f 00010 eeng d
020 _a8121903068
040 _aEG-ScBUE
_beng
_erda
_cEG-ScBUE
_dEG-ScBUE
082 0 4 _a515
_bNAR
_222
100 1 _aNarayan, Shanti,
_eauthor.
245 1 0 _aElements of real analysis /
_cShanti Narayan, formerly, dean of colleges, University of Delhi ; revised by Dr. M.D. Raisinghania, formerly, Head of Mathematics Department.
250 _aThirteenth edition.
250 _aRevised edition.
264 1 _aNew Delhi :
_bS. Chand & Company,
_c2012.
300 _a1 volume (various pagings) :
_billustrations ;
_c22 cm
336 _2rdacontent
_atext
_btxt
337 _aunmediated
_2rdamedia
_bn
338 _avolume
_bnc
_2rdacarrier
500 _aIncludes index.
650 7 _920838
_aMathematical analysis.
_2BUEsh
650 7 _97013
_aFunctions of real variables
_2BUEsh
653 _cApril2012
655 _vReading book
700 1 _929561
_aRaisinghania, M. D.,
_erevisor.
942 _2ddc
_cBB
999 _c16627
_d16627